Biblioteca

A second look at Bernard of Clairvaux (Registro nro. 45478)

Detalles MARC
000 -LÍDER
Campo fijo de descripción fija 01404aam a2200373 i 4500
001 - NÚMERO DE CONTROL
Campo de control 768714001
003 - IDENTIFICADOR DEL NÚMERO DE CONTROL
Campo de control CO-MdFUSB
005 - FECHA Y HORA DE LA ULTIMA TRANSACCIÓN
control field 20220217104926.0
007 - CAMPO FIJO DE DESCRIPCIÓN FIJA--INFORMACIÓN GENERAL
Campo fijo de descripción fija ta
008 - ELEMENTOS DE LONGITUD FIJA -- INFORMACIÓN GENERAL
Campo fijo de descripción fija -- Información general 210813t1990 -us |||| |||| 00| 0 eng d
020 ## - NÚMERO INTERNACIONAL NORMALIZADO PARA LIBROS
Número Internacional Normalizado del libro 0879074051
040 ## - FUENTE DE CATALOGACIÓN
Idioma de catalogación spa.
Agencia de catalogación original CO-MdFUSB
Agencia que realiza la transcripción CO-MdFUSB
Agencia que realiza la modificación CO-MdFUSBC
Convenciones de la descripción rda
041 ## - CÓDIGO DE IDIOMA
Código de idioma para texto/pista de sonido o título separado eng
Código de idioma original fre
082 ## - NÚMERO DE CLASIFICACIÓN DECIMAL DEWEY
Número de la edición del Dewey 23
Número de clasificación 271.12024
Clave de autor-Numero de item L462
100 1# - ASIENTO PRINCIPAL--NOMBRE PERSONAL
Nombre personal Leclerq, Jean
Término relacionador autor
240 ## - TITULO UNIFORME
Título uniforme <a href="Nouveau visage de Bernard de Clairvaus, approches psycho-historiques">Nouveau visage de Bernard de Clairvaus, approches psycho-historiques</a>
245 ## - TÍTULO
Título del Material A second look at Bernard of Clairvaux
Mención de responsabilidad, etc. / Jean Leclercq ; traducido por Marie-Bernard Said
246 #3 - FORMA VARIANTE DEL TITULO
Título propiamente dicho/forma breve del título A second look at saint Bernard.
264 #1 - PRODUCCIÓN, PUBLICACIÓN, DISTRIBUCIÓN, MANUFACTURA, Y COPYRIGHT
Lugar de producción, publicación, distribución, manufactura Estados Unidos :
Nombre del productor, publicador, distribuidor Cistercian Publications,
Fecha de producción, publicación, distribución, manufactura, o copyright [1990]
264 #4 - PRODUCCIÓN, PUBLICACIÓN, DISTRIBUCIÓN, MANUFACTURA, Y COPYRIGHT
Fecha de producción, publicación, distribución, manufactura, o copyright © 1990
300 ## - DESCRIPCIÓN FÍSICA
Extensión 150 páginas
Dimensiones ; 22 cm
336 ## - TIPO DE CONTENIDO
Término de tipo de contenido texto
Código de tipo de contenido txt
Fuente rdacontent
337 ## - TIPO DE MEDIO
Fuente rdamedia
Nombre del tipo de medio sin mediación
Código del tipo de medio n
338 ## - TIPO DE SOPORTE
Fuente rdacarrier
Nombre del tipo de soporte volumen
Código Tipo de soporte nc
490 1# - MENCIÓN DE SERIE
Mención de serie Cistercian Studies Series
505 ## - NOTA DE CONTENIDO
Nota de contenido con formato preestablecido El primer biógrafo de San Bernardo - Literatura y espontaneidad - Mecanismos de la ironía - Bernardo el psicoterapeuta - Intensidad de los conflictos internos - San Bernardo y el femenino - La psicología y la santidad
563 ## - NOTA DE ENCUADERNACIÓN
Nota de encuadernación Rústico
650 #7 - ASIENTO SECUNDARIO DE MATERIA - TERMINO TEMÁTICO
9 (RLIN) 72
Término temático o nombre geográfico como elemento de entrada Psicología social
700 ## - ASIENTO SECUNDARIO - NOMBRE PERSONAL
9 (RLIN) 5488
Nombre personal Said, Marie Bernard,
Responsabilidad traductor
830 ## - PUNTO DE ACCESO ADICIONAL DE SERIE - TÍTULO UNIFORME
Título uniforme Cistercian Studies Series
Designación de volumen o secuencia 105
942 ## - TIPO DE MATERIAL (KOHA)
Tipo de Item KOHA Libros General
945 ## - INFORMACIÓN LOCAL DEL REGISTRO
Catalogador JTF-925
Existencias
Estado de Material Estado de Perdido Forma de Clasificación Estado de Dañado No para Préstamo Colección Tomo Biblioteca de Origen Biblioteca Permanente Fecha de Adquisición Área Total de Préstamos Signatura Topográfica Código de Barras Última vez visto Ejemplar/Existencia Tipo de Material
    Dewey Decimal Classification     Colección General   Biblioteca FUSBC Biblioteca FUSBC 13/08/2021 PSICOLOGÍA   G 271.12024 L462s 19133 04/12/2018 Ej. 1 Libros General

Biblioteca FUSBC | Teléfono: (57+4) 349 88 10 Ext. 141| WhatsApp (+57) 3005338115 
E-mail: biblioteca@unisbc.edu.co | Calle 76 87-14 Robledo Palenque, Medellín, Colombia

Con tecnología Koha